Responses for Show #9020 - Friday, January 19, 2024

2024 Champions Wildcard Group 1 quarterfinal game 4.

Contestants

[<< previous game]

Rachel Clark, a director of client strategy from Washington, D.C.

Erin Portman, a high school English teacher from Naperville, Illinois

Bryan White, a senior regulatory compliance analyst originally from Santa Maria, California

[next game >>]

Jeopardy! Round responses

AMERICA BEFORE 1800
THE BOOK TITLE ANIMAL
LET'S PLAY A GAME
BRITISH TV
MEET ME IN ST. LOUIS
FROM S TO Y
(Ken: Those two letters begin and end each correct response.)
    $200 19
(Ken: It was an expensive war, yes.)
[Bryan chuckles.]

the Revolutionary War

Bryan
    $200 27
Rabbit

Bryan
    $200 22
Dungeon Master

Rachel
    $200 23
Doctor Who

Rachel
    $200 30
(Bryan: What is Budweiser?)
(Erin: What is Anheuser?)
...
(Ken: Rachel, maybe not a baseball fan.)

Busch Stadium

BryanErin
Triple Stumper
    $200 6
sway

Bryan
    $400 18
Harvard

Erin
    $400 26
Crows

Rachel
    $400 21
Chance

Erin
    $400 10
Fleabag

Erin
    $400 29
the Spirit of St. Louis

Rachel
    $400 5
slay

Erin
    $3,200 17
Williamsburg

Erin
    $600 25
Cat's

Bryan
    $600 20
Risk

Rachel
    $600 2
Downton Abbey

Erin
    $600 28
East St. Louis

Erin
    $600 4
a seminary

Bryan
    $800 15
(Bryan: What is leprosy?)

smallpox

BryanErin
    $800 13
(Bryan: What is the mice?)
(Erin: What are cats?)

Rats

BryanErin
Triple Stumper
    $800 12
flag

Bryan
    $800 8
Absolutely Fabulous

Rachel
    $800 7
(Vincente) Minnelli

Erin
    $800 1
sedimentary

Rachel
    $1000 16
(Ken: [*] going around the world, yes.)

Drake

Erin
    $1000 14
(Ken: It's a bit of a pun--[*] English.)

Pigeon

Triple Stumper
    $1000 11
Pictionary

Rachel
    $1000 9
Peaky Blinders

Rachel
    $1000 24
Joliet & Marquette

Erin
    $1000 3
sully

Bryan

Scores at the first commercial break (after clue 15):

Bryan Erin Rachel
$1,000 $2,200 $3,600

Scores at the end of the Jeopardy! Round:

Bryan Erin Rachel
$1,800 $8,600 $5,400

Double Jeopardy! Round responses

ASIAN CAPITAL CITIES
MUSICAL THEATER
AGRICULTURE
NEWER WORDS & PHRASES
EXISTENTIALISM
FAMOUS FORGERIES
    $400 21
Buddhism

Bryan
    $400 16
Back to the Future

Bryan
    $400 22
(Rachel: What is methane?)

ammonia

ErinRachel
    $400 30
(Ken: Not a southpaw, but [*], that is correct.)

a northpaw

Erin
    $400 1
Abraham

Erin
    $400 28
Shakespeare

Bryan
    $800 5
Kathmandu

Rachel
    $800 15
Cabaret

Bryan
    $800 12
Gates

Bryan
    $800 29
microdosing

Rachel
    $800 17
Dostoevsky

Erin
    $800 25
Jack the Ripper

Bryan
    $1200 2
Mongolia

Erin
    $1,400 9
(Rachel: What is Avenue Q?)

42nd Street

Rachel
    $1200 6
the combine

Erin
    $1200 11
burst out laughing

Erin
    $1200 18
Being

Bryan
    $5,000 24
(Erin: Who is Salinger?)

Howard Hughes

Erin
    $1600 3
the Han

Rachel
    $1600 8
Shucked

Rachel
    $1600 7
basmati rice

Bryan
    $1600 10
(Ken: Part phone, part tablet, yes.)

phablet

Rachel
    $1600 19
(Bryan: What is Being There?)

Waking Life

Bryan
Triple Stumper
    $1600 27
Coward

Bryan
    $2000 4
Muscat

Rachel
    $2000 14
Hadestown

Bryan
    $2000 13
(Rachel: Oh, um, who is Harkin?)
...
(Ken: He's gonna be sad you missed it--who is [*]?)

Tom Vilsack

Rachel
Triple Stumper
    $2000 23
a throuple

Erin
    $2000 20
essence

Bryan
    $2000 26
Vermeer

Triple Stumper

Scores at the end of the Double Jeopardy! Round:

Bryan Erin Rachel
$12,200 $11,200 $10,000

[wagering suggestions for these scores]

Final Jeopardy! Round responses

AMERICAN ARTISTS
(Ken: [To Rachel] Yes, [*]--this was the precursor to his famous mobiles.)
...
(Ken: [To Bryan] No--Jasper Johns. The second part's correct; you do love Emma, but it's not Jasper Johns.)
RachelWho is Calder
$1,201
ErinWho is Calder?
$9,000
BryanWho is Johns? I ♡ Emma
$10,300
(Alexander) Calder

Final scores:

Bryan Erin Rachel
$1,900 $20,200 $11,201
3rd place: $5,000 Winner: semifinalist 2nd place: $5,000

Game dynamics:

Coryat scores:

Bryan Erin Rachel
$12,200 $13,600 $11,400
18 R,
4 W
19 R
(including 1 DD),
3 W
(including 1 DD)
15 R,
3 W
(including 1 DD)

Combined Coryat: $37,200

[game clues] [game scores] [suggest correction]

Game tape date: 2024-01-03
The J! Archive is created by fans, for fans. Scraping, republication, monetization, and malicious use prohibited; this site may use cookies and collect identifying information. See terms. The Jeopardy! game show and all elements thereof, including but not limited to copyright and trademark thereto, are the property of Jeopardy Productions, Inc. and are protected under law. This website is not affiliated with, sponsored by, or operated by Jeopardy Productions, Inc. Join the discussion at JBoard.tv.